000 01080nam0a22002771 4500
001 rc\99150
005 20250612173008.0
035 _a(NLR Aleph) 008753904
090 _a7824244
_c7824244
100 _a20021216d1991 |||y0rusy50 ca
101 0 _arus
102 _aRU
105 _aa |||||||||
200 1 _aОбработка и анализ данных военно-социологического исследования
_eМетод. пособие
_fПодполк. Б.В. Кузьменко, майор С.С. Соловьев
_gВоен.-полит. акад. им. В.И. Ленина
210 _aМ.
_cВПА
_d1991
215 _a52 с.
_cил.
_d20
320 _aБиблиогр.: с. 49
606 1 _aВоенная социология
_jМетодические пособия
_2nlr_sh1
700 1 _aКузьменко
_bБ.В.
701 1 _aСоловьев
_bС.С.
_gСергей Сергеевич
801 0 _aRU
_bNLR
_gpsbo
801 1 _aRU
_bELAR
_2rusmarc
801 2 _aRU
_bNLR
_c20050413
_2rusmarc
852 _aNLR
_j96-4/1558
942 _cBOOK
980 _aNB